000 00787nam a2200193 i 4500
001 17690
003 ES-MaACL
005 20230906151637.0
007 t|
008 010503s1972 xxu ||||1| spa d
080 _a32 Nixon, Richard
100 1 _aNixon, Richard M.
_985786
245 1 0 _aNixon habla
_b: ideas, programas, metas.
260 _a[Washington :
_bWashington Star-News,
_c1972]
300 _a14 p. :
_bil. ;
_c22 cm.
594 _aTraducción de las manifestaciones del presidente Nixon durante una entrevista, concedida el domingo día 5 de noviembre, al corresponsal de la Casa Blanca, Garnett D. Horner, publicadas por el "Washinton Star-News" el 9 de noviembre de 1972.
600 1 4 _aNixon, Richard M.-
_xPensamiento político.
_985787
852 _aES-MaACL
_j2163-F-19
999 _c17690
_d17690